Score 0/36 Timer 04:00
2 Plays Today
Hint 4-Letter Word % Correct
✴1994's 'Forrest ____'✴GUMP
99.7%
Location of your teethGUMS
96%
A song sung by twoDUET
94.6%
Passes awayDIES
94%
A system for losing weightDIET
94%
✴'Stupid is as stupid ____'✴DOES
93.3%
✴His mother compares this to a box of chocolates✴LIFE
92.5%
Courage, or slang term for the intestinesGUTS
91.5%
To raise something higherLIFT
90.8%
A small horsePONY
90.6%
Tiny specks that can be connectedDOTS
89.3%
An opening in a fenceGATE
88.3%
The connection of two pointsLINE
88%
February 17, for oneDATE
87.2%
Award won for excellence on BroadwayTONY
86.9%
One of the Seven Deadly SinsLUST
86.8%
NoisyLOUD
86.5%
Kansas' '____ in the Wind'DUST
86.3%
Hint 4-Letter Word % Correct
The ace of hearts, for oneCARD
86%
Type of evergreen treePINE
84.8%
To show great affection towardDOTE
84.3%
Slang for gangsters gunsGATS
83.3%
German word for airLUFT
82.9%
It ends at the plugCORD
82.7%
Term of address often used in prayerLORD
82.7%
✴Sinise who plays Lt. Dan✴GARY
78.2%
Actor Grant or ElwesCARY
78.2%
British loyalistTORY
76.5%
Violent; grotesqueGORY
76.2%
Elmer's productGLUE
75.7%
[With clue above] Sport played by title characterPONG
69.1%
[With clue below] Sport played by title characterPING
69%
An ill-behaved personLOUT
66.7%
Joint inflammationGOUT
65.5%
An overabundanceGLUT
64.1%
✴Last name of Bubba✴BLUE
50.3%

Today's Daily Dose

Remove Ads.
Support Sporcle.
Get the best of Sporcle when you Go Orange. This ad-free experience offers more features, more stats, and more fun while also helping to support Sporcle. Thank you for becoming a member.

You're not logged in!

Compare scores with friends on all Sporcle quizzes.
OR
Log In

Show Comments

Extras

Top Quizzes Today


Score Distribution

Your Account Isn't Verified!

In order to create a playlist on Sporcle, you need to verify the email address you used during registration. Go to your Sporcle Settings to finish the process.

Report this User

Report this user for behavior that violates our Community Guidelines.

Details: